Animated Movies by Picture - A - Statistics

General Stats
  • This quiz has been taken 777 times
  • The average score is 8 of 12
Answer Stats
Picture Answer % Correct
Aladdin
100%
The Angry Birds Movie
95%
Alice in Wonderland
93%
The Aristocats
81%
Antz
79%
Anastasia
63%
Atlantis: The Lost Empire
62%
The Adventures of Tintin
57%
Asterix: The Mansions of the Gods
49%
Abominable
41%
Arthur Christmas
38%
Akira
30%
No matching quizzes found
Score Distribution
Percent of People with Each Score
Percentile by Number Answered
Your Score History
You have not taken this quiz